000
00268nam a22001217a 4500
008
260312b ||||| |||| 00| 0 eng d
041
_a
eng
080
_a
2.1
100
_a
22
101
_a
bank
245
_a
Monetary Policy Report
_c
Bank of Albania
942
_2
udc
_c
BK
999
_c
60889
_d
60889